<?xml version="1.0" encoding="UTF-8"?>
<record
    xmlns:xsi="http://www.w3.org/2001/XMLSchema-instance"
    xsi:schemaLocation="http://www.loc.gov/MARC21/slim http://www.loc.gov/standards/marcxml/schema/MARC21slim.xsd"
    xmlns="http://www.loc.gov/MARC21/slim">

  <leader>02128cam a2200361 a 4500</leader>
  <controlfield tag="001">12670360</controlfield>
  <controlfield tag="005">20220326193303.0</controlfield>
  <controlfield tag="008">020206s2001    enka          001 0 eng d</controlfield>
  <datafield tag="010" ind1=" " ind2=" ">
    <subfield code="a">  2002275328</subfield>
  </datafield>
  <datafield tag="015" ind1=" " ind2=" ">
    <subfield code="a">GBA1-Y5734</subfield>
  </datafield>
  <datafield tag="020" ind1=" " ind2=" ">
    <subfield code="a">0471496081</subfield>
  </datafield>
  <datafield tag="035" ind1=" " ind2=" ">
    <subfield code="a">(OCoLC)ocm46601213</subfield>
  </datafield>
  <datafield tag="040" ind1=" " ind2=" ">
    <subfield code="a">UKM</subfield>
    <subfield code="c">UKM</subfield>
    <subfield code="d">CUS</subfield>
    <subfield code="d">DLC</subfield>
  </datafield>
  <datafield tag="042" ind1=" " ind2=" ">
    <subfield code="a">lccopycat</subfield>
  </datafield>
  <datafield tag="043" ind1=" " ind2=" ">
    <subfield code="a">w------</subfield>
  </datafield>
  <datafield tag="082" ind1="0" ind2="0">
    <subfield code="a">7020.913</subfield>
    <subfield code="b">T778t</subfield>
  </datafield>
  <datafield tag="100" ind1=" " ind2=" ">
    <subfield code="a">Tzonis, Alexander; Lefaivre, Liane; Stagno, Bruno (Editores)</subfield>
    <subfield code="9">1548</subfield>
  </datafield>
  <datafield tag="245" ind1="0" ind2="0">
    <subfield code="a">Tropical architecture :</subfield>
    <subfield code="b">critical regionalism in the age of globalization /</subfield>
    <subfield code="c">edited by Alexander Tzonis, Liane Lefaivre and Bruno Stagno.</subfield>
  </datafield>
  <datafield tag="260" ind1=" " ind2=" ">
    <subfield code="a">Chichester ;</subfield>
    <subfield code="a">New York :</subfield>
    <subfield code="b">Wiley-Academic ;</subfield>
    <subfield code="a">The Netherlands :</subfield>
    <subfield code="b">C. Fonds,</subfield>
    <subfield code="c">2001.</subfield>
  </datafield>
  <datafield tag="300" ind1=" " ind2=" ">
    <subfield code="a">311 p. :</subfield>
    <subfield code="b">ill. (some col.), plans ;</subfield>
    <subfield code="c">25 cm.</subfield>
  </datafield>
  <datafield tag="504" ind1=" " ind2=" ">
    <subfield code="a">Includes bibliographical references and index.</subfield>
  </datafield>
  <datafield tag="505" ind1=" " ind2=" ">
    <subfield code="t">Tropical Critical Regionalism: Introductory Comments </subfield>
    <subfield code="t">The Suppression and Rethinking Regionalism and  Tropicalism after 1945</subfield>
    <subfield code="t">Globalizacion: some cultural dilemmas </subfield>
    <subfield code="t">Tropicality </subfield>
    <subfield code="t">modernizing  appropiations/appropriating modernity </subfield>
    <subfield code="t">architecture and national identity </subfield>
    <subfield code="t">architecture and City in the Caribbean: Colonialism, Syncretism and Coming to Terms with the tropics </subfield>
    <subfield code="t">Designing and Building in the Tropics </subfield>
    <subfield code="t">Architectural Responses in the tropical India </subfield>
    <subfield code="t">The green agenda </subfield>
    <subfield code="t">Three Tropical design paradigms </subfield>
    <subfield code="t">Rethinking the city in the tropics: the tropical city concept  </subfield>
  </datafield>
  <datafield tag="650" ind1=" " ind2="0">
    <subfield code="a">Architecture, Tropical.</subfield>
    <subfield code="9">1549</subfield>
  </datafield>
  <datafield tag="650" ind1=" " ind2="0">
    <subfield code="a">Regionalism in architecture</subfield>
    <subfield code="z">Tropics.</subfield>
    <subfield code="9">1550</subfield>
  </datafield>
  <datafield tag="700" ind1="1" ind2=" ">
    <subfield code="a">Tzonis, Alexander.</subfield>
    <subfield code="9">1551</subfield>
  </datafield>
  <datafield tag="700" ind1="1" ind2=" ">
    <subfield code="a">Stagno, Bruno,</subfield>
    <subfield code="d">1943-</subfield>
    <subfield code="9">253</subfield>
  </datafield>
  <datafield tag="700" ind1="1" ind2=" ">
    <subfield code="a">Lefaivre, Liane.</subfield>
    <subfield code="9">1552</subfield>
  </datafield>
  <datafield tag="856" ind1="4" ind2="2">
    <subfield code="3">Contributor biographical information</subfield>
    <subfield code="u">http://www.loc.gov/catdir/bios/wiley042/2002275328.html</subfield>
  </datafield>
  <datafield tag="856" ind1="4" ind2="2">
    <subfield code="3">Publisher description</subfield>
    <subfield code="u">http://www.loc.gov/catdir/description/wiley035/2002275328.html</subfield>
  </datafield>
  <datafield tag="856" ind1="4" ind2="1">
    <subfield code="3">Table of contents</subfield>
    <subfield code="u">http://www.loc.gov/catdir/toc/wiley022/2002275328.html</subfield>
  </datafield>
  <datafield tag="906" ind1=" " ind2=" ">
    <subfield code="a">7</subfield>
    <subfield code="b">cbc</subfield>
    <subfield code="c">copycat</subfield>
    <subfield code="d">2</subfield>
    <subfield code="e">ncip</subfield>
    <subfield code="f">20</subfield>
    <subfield code="g">y-gencatlg</subfield>
  </datafield>
  <datafield tag="999" ind1=" " ind2=" ">
    <subfield code="c">326</subfield>
    <subfield code="d">326</subfield>
  </datafield>
  <datafield tag="952" ind1=" " ind2=" ">
    <subfield code="0">0</subfield>
    <subfield code="1">0</subfield>
    <subfield code="2">ddc</subfield>
    <subfield code="4">0</subfield>
    <subfield code="7">0</subfield>
    <subfield code="a">LV</subfield>
    <subfield code="b">LV</subfield>
    <subfield code="c">Pensamiento</subfield>
    <subfield code="d">2014-11-07</subfield>
    <subfield code="l">0</subfield>
    <subfield code="o">7020.913 T778t</subfield>
    <subfield code="p">000511</subfield>
    <subfield code="r">2014-11-07 00:00:00</subfield>
    <subfield code="w">2014-11-07</subfield>
    <subfield code="y">01</subfield>
  </datafield>
</record>
